000 00308cam a22001217a 4500
008 180718b1957 xxu||||| |||| 00| 0 eng d
082 _aO352 T647
100 _aTournier, Paul
245 _aMeaning of persons
_cby Paul Tournier
260 _aNew York
_bHarper
_c1957
300 _a238p.
650 _aPersonality
999 _c437113
_d437113